| 000 | 01140cam a22003257a 4500 | ||
|---|---|---|---|
| 003 | CHAP | ||
| 005 | 20220329141234.0 | ||
| 008 | 971010s1971 mx r 00010 spa d | ||
| 010 | _a64947 | ||
| 011 | _a65919 | ||
| 035 | _a73492 | ||
| 040 | _cCHAP | ||
| 082 | 0 | 4 |
_a972 _bP6 |
| 100 | 0 | 0 |
_aPozas Arciniega, Ricardo. _991193 |
| 245 | 1 | 4 |
_aLos indios en las clases sociales de México _c/por Ricardo Pozas e Isabel H. de Pozas |
| 260 |
_aMéxico, D.F. : _bSiglo veintiuno, _c1971 |
||
| 300 | _a181 p. | ||
| 590 |
_aBATCH-UPD _b10 _c20130110 _lUCH01 _h0726 |
||
| 590 |
_aBATCH-UPD _b10 _c20130410 _lUCH01 _h0410 |
||
| 590 |
_aBATCH-UPD _b10 _c20130914 _lUCH01 _h0946 |
||
| 590 |
_aCONVERSION _b10 _c20130109 _lUCH01 _h1335 |
||
| 650 | 1 | 4 |
_aClases sociales. _923673 |
| 650 | 1 | 4 |
_aIndios de México _xCondiciones sociales. _957626 |
| 700 | 0 |
_aPozas, Isabel H. de. _991194 |
|
| 901 | _aBK | ||
| 942 | _cLIBRO | ||
| 949 |
_a972 P6 _bBC _cLIBRO _d-153320 _eLIBRO _h3425 _i73492 _si |
||
| 949 |
_a972 P6 _bBC _cLIBRO _d33724000859302 _eLIBRO _fc.2 _h102041 _i73492 _kDon. _si |
||
| 949 |
_a972 P6 _bBC _cLIBRO _d33724002231769 _eLIBRO _fc.3 _gDonaciØn _h114199 _i73492 _sb |
||
| 999 |
_c64947 _d64947 |
||